Least Guessed Countries - Statistics

General Stats
  • This quiz has been taken 50 times
  • The average score is 17 of 25
Answer Stats
Rank Country Percent Guessed % Correct
16 Saint Kitts and Nevis 28%
85%
25 Micronesia 30%
79%
8 Saint Vincent and the Grenadines 24%
79%
9 Marshall Islands 25%
77%
6 Tuvalu 24%
77%
1 Nauru 22%
75%
14 Saint Lucia 28%
75%
12 East Timor 27%
73%
20 Tonga 29%
73%
3 Palau 23%
71%
23 Seychelles 30%
71%
18 Brunei 28%
69%
2 São Tomé and Príncipe 22%
69%
13 Solomon Islands 27%
69%
21 Cape Verde 29%
67%
4 Comoros 23%
67%
7 Grenada 24%
67%
5 Kiribati 23%
67%
10 Vanuatu 26%
63%
19 Antigua and Barbuda 28%
60%
15 Equatorial Guinea 28%
56%
17 Burundi 28%
52%
11 Guinea-Bissau 26%
50%
24 Gabon 30%
40%
22 Burkina Faso 29%
38%
No matching quizzes found
Score Distribution
Percent of People with Each Score
Percentile by Number Answered
Your Score History
You have not taken this quiz